[Event "DEN-ch Kort 1-1"]
[Site "Svendborg"]
[Date "2019.04.14"]
[Round "2"]
[White "Steenstrup, Svend"]
[Black "Grotnes, Nils Ragnar"]
[Result "0-1"]
[WhiteElo "1964"]
[BlackElo "2180"]
[PlyCount "146"]
[EventDate "2019.04.13"]
[EventType "swiss"]
[EventRounds "5"]
[EventCountry "DEN"]
[SourceTitle "EXT 2020"]
[Source "ChessBase"]
[SourceDate "2019.10.17"]
[SourceVersion "1"]
[SourceVersionDate "2019.10.17"]
[SourceQuality "1"]

1. d4 d5 2. c4 e6 3. Nf3 Nf6 4. g3 Be7 5. Bg2 0-0 6. 0-0 b6 7. Ne5 Bb7 8. Nd2 c5 9. dxc5 Bxc5 10. Nd3 Be7 11. b3 Nc6 12. Bb2 Qd7 13. a3 Rac8 14. b4 dxc4 15. Nxc4 b5 16. Nde5 Nxe5 17. Nxe5 Qxd1 18. Rfxd1 Bxg2 19. Kxg2 Rc2 20. Bd4 a6 21. Rac1 Rfc8 22. Bc5 Rxc1 23. Rxc1 Ne4 24. Be3 Rxc1 25. Bxc1 Bf6 26. Nd7 Bd4 27. Kf3 Nc3 28. Nb8 Na2 29. Ke4 Ba7 30. Bf4 Nc3+ 31. Kd3 Bxb8 32. Bxb8 Nb1 33. Kd4 Nxa3 34. Kc5 Nc4 35. Kc6 Kf8 36. Kb7 a5 37. bxa5 Nxa5+ 38. Kb6 Nb3 39. Be5 Nc1 40. Kxb5 Nxe2 41. Kc4 Ng1 42. Kd3 Nf3 43. Bd6+ Ke8 44. h4 g5 45. hxg5 Nxg5 46. f4 Nf3 47. Ke3 Kd7 48. Bb4 Nh2 49. Ke4 f5+ 50. Ke3 Kc6 51. Ba5 Kb5 52. Bc7 Kc4 53. Bb8 Ng4+ 54. Kf3 Kd3 55. Bd6 Kd2 56. Bb4+ Kd3 57. Bd6 h5 58. Bb4 Ne3 59. Bc5 Nc4 60. Ba7 Nd2+ 61. Kf2 Ne4+ 62. Kf3 Kd2 63. Bb6 Ke1 64. Ba5+ Kf1 65. Bb4 Nf6 66. Be7 Ng4 67. Bh4 Nh2+ 68. Ke3 Kg2 69. Kd4 Nf3+ 70. Kc5 Nxh4 71. gxh4 Kf3 72. Kd6 Kxf4 73. Kxe6 Kg4 0-1

[Event "Stjernen Autumn"]
[Site "Oslo"]
[Date "2010.10.26"]
[Round "6"]
[White "Svanholm, Borge Waaktaar"]
[Black "Grotnes, Nils Ragnar"]
[Result "0-1"]
[WhiteElo "1817"]
[BlackElo "2162"]
[PlyCount "100"]
[EventDate "2010.09.07"]
[EventType "swiss"]
[EventRounds "9"]
[EventCountry "NOR"]
[SourceTitle "EXT 2024"]
[Source "ChessBase"]
[SourceDate "2023.10.10"]
[SourceVersion "1"]
[SourceVersionDate "2023.10.10"]
[SourceQuality "1"]

1. c4 Nf6 2. Nc3 c6 3. d4 d5 4. Nf3 e6 5. e3 Nbd7 6. Bd3 dxc4 7. Bxc4 b5 8. Bd3 Bb7 9. 0-0 a6 10. Qe2 c5 11. dxc5 Nxc5 12. Bc2 Qc7 13. Bd2 Qc6 14. a3 Be7 15. Rac1 0-0 16. Rfd1 e5 17. b4 Ne6 18. e4 Nd4 19. Nxd4 exd4 20. Nd5 Nxd5 21. exd5 Qxd5 22. f3 Bf6 23. Qd3 g6 24. Bb3 Qd6 25. Be1 Be5 26. g3 Rac8 27. f4 Bf6 28. Bf2 Rxc1 29. Rxc1 Rc8 30. Rxc8+ Bxc8 31. Qe4 Kg7 32. Qe8 Be6 33. Bxe6 fxe6 34. Qc8 d3 35. Qc1 d2 36. Qd1 Qd3 37. Bc5 Bb2 38. Kf2 Bxa3 39. Qa1+ Kf7 40. Qh8 e5 41. Qf8+ Ke6 42. Qe7+ Kd5 43. Qf7+ Ke4 44. Qb7+ Qd5 45. Qxd5+ Kxd5 46. Ke2 exf4 47. Kxd2 fxg3 48. hxg3 a5 49. Ke3 Bxb4 50. Bd4 Bc5 0-1

[Event "EU-Cup 26th"]
[Site "Plovdiv"]
[Date "2010.10.20"]
[Round "4.4"]
[White "Grotnes, Nils Ragnar"]
[Black "Liodakis, Konstantinos Spyros"]
[Result "1/2-1/2"]
[WhiteElo "2197"]
[BlackElo "1982"]
[PlyCount "55"]
[EventDate "2010.10.17"]
[EventType "team-swiss"]
[EventRounds "7"]
[EventCountry "BUL"]
[SourceTitle "CBM 139"]
[Source "ChessBase"]
[SourceDate "2010.11.18"]
[SourceVersion "1"]
[SourceVersionDate "2010.11.18"]
[SourceQuality "1"]
[WhiteTeam "Asker"]
[BlackTeam "Chania Chess Academy"]
[WhiteTeamCountry "DEN"]
[BlackTeamCountry "GRE"]

1. d4 Nf6 2. c4 g6 3. Nc3 d5 4. cxd5 Nxd5 5. e4 Nxc3 6. bxc3 Bg7 7. Bc4 0-0 8. Ne2 c5 9. 0-0 cxd4 10. cxd4 Nc6 11. Be3 Na5 12. Bd3 Bg4 13. f3 Be6 14. d5 Bxa1 15. Qxa1 f6 16. Bh6 Re8 17. Qd4 Bd7 18. Rb1 e5 19. Qb4 b6 20. Ba6 Qe7 21. Bd2 Qxb4 22. Bxb4 Kf7 23. Rc1 Rac8 24. Bxc8 Rxc8 25. Rxc8 Bxc8 26. Nc3 Nb7 27. Nb5 a5 28. Nd6+ 1/2-1/2

[Event "Arctic Chess Challenge"]
[Site "Tromsoe"]
[Date "2010.08.01"]
[Round "2"]
[White "Grotnes, Nils Ragnar"]
[Black "Ernst, Thomas"]
[Result "0-1"]
[WhiteElo "2219"]
[BlackElo "2430"]
[PlyCount "86"]
[EventDate "2010.07.31"]
[EventType "swiss"]
[EventRounds "9"]
[EventCountry "NOR"]
[SourceTitle "CBM 137 Extra"]
[Source "ChessBase"]
[SourceDate "2010.09.01"]
[SourceVersion "1"]
[SourceVersionDate "2010.09.01"]
[SourceQuality "1"]

1. d4 Nf6 2. c4 g6 3. Nc3 Bg7 4. e4 d6 5. f3 0-0 6. Be3 Nc6 7. Nge2 a6 8. Qd2 Rb8 9. a4 a5 10. Bh6 e5 11. d5 Nb4 12. Be3 c6 13. Nc1 Nh5 14. Nd3 f5 15. Nxb4 axb4 16. Nd1 c5 17. Bd3 f4 18. Bf2 g5 19. Be2 Qe8 20. b3 g4 21. Nb2 g3 22. Bg1 gxh2 23. Rxh2 Ng3 24. Nd3 Qg6 25. Nf2 Rf6 26. Bd3 Bd7 27. 0-0-0 Ra8 28. Bc2 Qe8 29. Nh1 Rg6 30. Nxg3 Rxg3 31. Bf2 Rg6 32. Rdh1 h6 33. Bh4 Qf7 34. Bd1 Kh7 35. Kb1 Bf6 36. Be1 Bg5 37. Bc2 Rgg8 38. Qd1 b5 39. cxb5 Bxb5 40. axb5 Qa7 41. Kc1 c4 42. bxc4 Qa3+ 43. Kd2 Qe3# 0-1

[Event "Oslo Sveins op 3rd"]
[Site "Oslo"]
[Date "2010.06.22"]
[Round "9"]
[White "Grotnes, Nils Ragnar"]
[Black "Danielsen, Henrik"]
[Result "0-1"]
[WhiteElo "2223"]
[BlackElo "2514"]
[PlyCount "131"]
[EventDate "2010.06.18"]
[EventType "swiss"]
[EventRounds "9"]
[EventCountry "NOR"]
[SourceTitle "CBM 137 Extra"]
[Source "ChessBase"]
[SourceDate "2010.09.01"]
[SourceVersion "1"]
[SourceVersionDate "2010.09.01"]
[SourceQuality "1"]

1. d4 d6 2. c4 e5 3. dxe5 dxe5 4. Qxd8+ Kxd8 5. Nc3 c6 6. Nf3 f6 7. a3 Be6 8. e3 a5 9. Na4 Nd7 10. Nd2 Nc5 11. Nxc5 Bxc5 12. Ne4 Be7 13. Bd2 Nh6 14. Bc3 Nf7 15. Be2 f5 16. Nd2 a4 17. Nf3 Bf6 18. c5 Ke7 19. Nd2 e4 20. Bxf6+ Kxf6 21. f4 exf3 22. Nxf3 Ra5 23. Rc1 Ne5 24. Nd4 Nd7 25. 0-0 Rxc5 26. Rxc5 Nxc5 27. Nxf5 Bxf5 28. g4 g6 29. gxf5 g5 30. Rc1 b6 31. Bf3 Rd8 32. Bxc6 Kxf5 33. Rc4 Rd1+ 34. Kg2 Rd2+ 35. Kg1 Rxb2 36. Bxa4 h5 37. Bc2+ Kf6 38. a4 Ne6 39. h3 Nd8 40. Be4 Ke5 41. Bf3 h4 42. Re4+ Kf6 43. Bg4 Rd2 44. Rb4 Rd6 45. Rb5 Nf7 46. a5 bxa5 47. Rf5+ Kg6 48. Rxa5 Rb6 49. Bf5+ Kf6 50. Bc8 Rb1+ 51. Kg2 Nd6 52. Bg4 Nc4 53. Ra6+ Ke5 54. Kf3 Rb3 55. Re6+ Kd5 56. Bf5 Ne5+ 57. Ke2 Rb2+ 58. Kf1 Nc4 59. Re8 Nd2+ 60. Ke2 Ne4+ 61. Kd1 Nd6 62. e4+ Kd4 63. Ra8 Ke3 64. Ra3+ Kf4 65. Ke1 Nc4 66. Be6 0-1

[Event "Oslo Sveins op 3rd"]
[Site "Oslo"]
[Date "2010.06.20"]
[Round "5"]
[White "Kjoita, Torgeir Jakhelln"]
[Black "Grotnes, Nils Ragnar"]
[Result "1/2-1/2"]
[WhiteElo "1726"]
[BlackElo "2223"]
[PlyCount "68"]
[EventDate "2010.06.18"]
[EventType "swiss"]
[EventRounds "9"]
[EventCountry "NOR"]
[SourceTitle "CBM 137 Extra"]
[Source "ChessBase"]
[SourceDate "2010.09.01"]
[SourceVersion "1"]
[SourceVersionDate "2010.09.01"]
[SourceQuality "1"]

1. e4 e5 2. Nf3 Nc6 3. Bb5 a6 4. Ba4 Nf6 5. d3 d6 6. h3 Be7 7. Be3 0-0 8. Nc3 b5 9. Bb3 Na5 10. 0-0 Nxb3 11. axb3 Bb7 12. Ne2 d5 13. Nxe5 dxe4 14. dxe4 Bd6 15. Nf3 Nxe4 16. Nc3 Re8 17. Nxe4 Rxe4 18. Ng5 Rh4 19. g3 Rh6 20. Kh2 Qf6 21. f4 Rd8 22. Re1 Bb4 23. Qe2 Bxe1 24. Rxe1 Qc6 25. Bd4 Rhd6 26. c3 h6 27. Nxf7 Rxd4 28. cxd4 Kxf7 29. Qe7+ Kg8 30. Qxd8+ Kh7 31. d5 Qc2+ 32. Kh1 Qxb3 33. Re5 Qxg3 34. Qd7 Qf3+ 1/2-1/2

[Event "NOR-chT 0910"]
[Site "Norway"]
[Date "2010.01.10"]
[Round "6"]
[White "Hagen, Anders Gjerdrum"]
[Black "Grotnes, Nils Ragnar"]
[Result "1/2-1/2"]
[WhiteElo "2108"]
[BlackElo "2221"]
[PlyCount "24"]
[EventDate "2009.11.06"]
[EventType "team"]
[EventRounds "9"]
[EventCountry "NOR"]
[SourceTitle "EXT 2011"]
[Source "ChessBase"]
[SourceDate "2010.11.26"]
[SourceVersion "1"]
[SourceVersionDate "2010.11.26"]
[SourceQuality "1"]
[WhiteTeam "Moss"]
[BlackTeam "Asker"]
[WhiteTeamCountry "NOR"]
[BlackTeamCountry "NOR"]

1. d4 Nf6 2. c4 c5 3. d5 e5 4. Nc3 d6 5. e4 Be7 6. Bd3 Nfd7 7. Nf3 Nf8 8. Be3 Bg4 9. h3 Bxf3 10. Qxf3 Bg5 11. 0-0 Ng6 12. a3 Bxe3 1/2-1/2

[Event "NOR-chT 0910"]
[Site "Norway"]
[Date "2009.11.08"]
[Round "3"]
[White "Andersen, Oivind"]
[Black "Grotnes, Nils Ragnar"]
[Result "0-1"]
[WhiteElo "2212"]
[BlackElo "2221"]
[PlyCount "106"]
[EventDate "2009.11.06"]
[EventType "team"]
[EventRounds "9"]
[EventCountry "NOR"]
[SourceTitle "EXT 2011"]
[Source "ChessBase"]
[SourceDate "2010.11.26"]
[SourceVersion "1"]
[SourceVersionDate "2010.11.26"]
[SourceQuality "1"]
[WhiteTeam "Kristiansund"]
[BlackTeam "Asker"]
[WhiteTeamCountry "NOR"]
[BlackTeamCountry "NOR"]

1. d4 d5 2. c4 c6 3. Nf3 Nf6 4. e3 e6 5. Nbd2 Be7 6. Bd3 0-0 7. 0-0 c5 8. b3 cxd4 9. exd4 Nc6 10. Bb2 Nd7 11. cxd5 exd5 12. Re1 Qb6 13. Nf1 Rd8 14. Ng3 g6 15. Rc1 Bf6 16. Bb1 Nf8 17. Ne5 Be6 18. Qd2 Nd7 19. Kh1 Ndxe5 20. dxe5 Be7 21. Nh5 Kh8 22. Nf6 Kg7 23. f4 Bb4 24. Bc3 d4 25. Bxb4 Qxb4 26. Qf2 d3 27. Rcd1 Rd4 28. g3 Rad8 29. Rd2 h5 30. Red1 Qc3 31. Qe3 Nb4 32. Kg1 Nc2 33. Qf3 Bf5 34. Kf2 Qc5 35. Kg2 Bg4 36. Nxg4 hxg4 37. Qf2 Qd5+ 38. Kg1 Qe4 39. Rc1 b6 40. Rf1 Na3 41. Rc1 Nxb1 42. Rxb1 R4d5 43. Re1 Qf5 44. Qe3 Rc8 45. Red1 Rc3 46. h3 gxh3 47. Qf3 Rxe5 48. Rxd3 Re1+ 49. Rxe1 Rxd3 50. Qf2 Qd5 51. Kh2 Rd2 52. Re2 Rd1 53. Kxh3 Rh1+ 0-1

[Event "NOR-chT 0910"]
[Site "Norway"]
[Date "2009.11.07"]
[Round "2"]
[White "Grotnes, Nils Ragnar"]
[Black "Astrup, Kim"]
[Result "1-0"]
[WhiteElo "2221"]
[BlackElo "2225"]
[PlyCount "45"]
[EventDate "2009.11.06"]
[EventType "team"]
[EventRounds "9"]
[EventCountry "NOR"]
[SourceTitle "EXT 2011"]
[Source "ChessBase"]
[SourceDate "2010.11.26"]
[SourceVersion "1"]
[SourceVersionDate "2010.11.26"]
[SourceQuality "1"]
[WhiteTeam "Asker"]
[BlackTeam "SOSS"]
[WhiteTeamCountry "NOR"]
[BlackTeamCountry "NOR"]

1. d4 d6 2. c4 f5 3. Nf3 Nf6 4. g3 g6 5. Bg2 Bg7 6. 0-0 0-0 7. Nc3 Qe8 8. Qb3 c6 9. d5 Na6 10. Be3 Ng4 11. Bd4 Bh6 12. c5 Qf7 13. Qa3 Rd8 14. cxd6 exd6 15. b4 Nc7 16. Rad1 a5 17. dxc6 axb4 18. Qxb4 bxc6 19. Bb6 c5 20. Bxc5 Na6 21. Qb6 Be6 22. Bxd6 Rac8 23. Ne5 1-0

[Event "NOR-chT Clubs"]
[Site "Bekkestua"]
[Date "2009.10.23"]
[Round "4"]
[White "Grotnes, Nils Ragnar"]
[Black "Snellingen, Jorn"]
[Result "1/2-1/2"]
[WhiteElo "2150"]
[BlackElo "1853"]
[PlyCount "42"]
[EventDate "2009.10.23"]
[EventType "team-swiss"]
[EventRounds "6"]
[EventCountry "NOR"]
[SourceTitle "EXT 2012"]
[Source "ChessBase"]
[SourceDate "2011.11.24"]
[SourceVersion "1"]
[SourceVersionDate "2011.11.24"]
[SourceQuality "1"]

1. d4 Nf6 2. c4 Nc6 3. Nf3 e6 4. a3 d6 5. Nc3 g6 6. e4 Bg7 7. Be2 0-0 8. 0-0 Re8 9. Be3 a5 10. Qd2 Bd7 11. b3 e5 12. d5 Nd4 13. Nxd4 exd4 14. Bxd4 Nxe4 15. Nxe4 Rxe4 16. Bxg7 Kxg7 17. Bd3 Re8 18. Rae1 Rxe1 19. Rxe1 Qf6 20. h3 b6 21. Kh2 Re8 1/2-1/2

[Event "LSS WC-2012-S-00009"]
[Site "LSS email"]
[Date "2009.07.13"]
[Round "?"]
[White "Baranowski, Tadeusz"]
[Black "Grotnes, Nils Ragnar"]
[Result "1-0"]
[WhiteElo "2357"]
[BlackElo "2202"]
[PlyCount "43"]
[EventDate "2009.07.18"]
[EventType "tourn (corr)"]
[EventRounds "10"]
[EventCountry "GER"]
[SourceTitle "Telechess CBM 137"]
[Source "ChessBase"]
[SourceDate "2010.07.15"]
[SourceVersion "1"]
[SourceVersionDate "2010.07.15"]
[SourceQuality "1"]

1. e4 e5 2. Nf3 Nc6 3. Bb5 a6 4. Ba4 Nf6 5. 0-0 Be7 6. Re1 b5 7. Bb3 d6 8. c3 0-0 9. h3 Na5 10. Bc2 c5 11. d4 Qc7 12. Nbd2 Nc6 13. d5 Nd8 14. a4 Rb8 15. axb5 axb5 16. c4 b4 17. Nh4 g6 18. Ndf3 Ne8 19. Qe2 Ng7 20. Bd2 Kh8 21. b3 f6 22. Ra2 1-0

[Event "LSS WC-2012-S-00009"]
[Site "LSS email"]
[Date "2009.07.13"]
[Round "?"]
[White "Fineboim, Igor"]
[Black "Grotnes, Nils Ragnar"]
[Result "1-0"]
[WhiteElo "2145"]
[BlackElo "2202"]
[PlyCount "36"]
[EventDate "2009.07.18"]
[EventType "tourn (corr)"]
[EventRounds "10"]
[EventCountry "GER"]
[SourceTitle "Telechess CBM 137"]
[Source "ChessBase"]
[SourceDate "2010.07.15"]
[SourceVersion "1"]
[SourceVersionDate "2010.07.15"]
[SourceQuality "1"]

1. d4 Nf6 2. c4 e6 3. Nf3 d5 4. Nc3 Bb4 5. cxd5 exd5 6. Bg5 Nbd7 7. Qc2 0-0 8. e3 c5 9. Bd3 Qa5 10. 0-0 c4 11. Bf5 Re8 12. Nd2 g6 13. Bh3 Kg7 14. a3 Bxc3 15. bxc3 h6 16. Bh4 g5 17. Bg3 g4 18. Bxg4 Nxg4 1-0

[Event "LSS WC-2012-S-00009"]
[Site "LSS email"]
[Date "2009.07.13"]
[Round "?"]
[White "Klimakovs, Sergejs"]
[Black "Grotnes, Nils Ragnar"]
[Result "1-0"]
[WhiteElo "2235"]
[BlackElo "2202"]
[PlyCount "40"]
[EventDate "2009.07.18"]
[EventType "tourn (corr)"]
[EventRounds "10"]
[EventCountry "GER"]
[SourceTitle "Telechess CBM 137"]
[Source "ChessBase"]
[SourceDate "2010.07.15"]
[SourceVersion "1"]
[SourceVersionDate "2010.07.15"]
[SourceQuality "1"]

1. e4 e5 2. Nf3 Nc6 3. Bb5 a6 4. Ba4 Nf6 5. 0-0 Be7 6. Re1 b5 7. Bb3 d6 8. c3 0-0 9. h3 Na5 10. Bc2 c5 11. d4 Qc7 12. Nbd2 Nc6 13. d5 Nd8 14. a4 Rb8 15. axb5 axb5 16. b4 Ne8 17. bxc5 dxc5 18. c4 f6 19. cxb5 Nd6 20. Bd3 Bd7 1-0

[Event "CP-2005-F-00002"]
[Site "LSS email"]
[Date "2009.07.01"]
[Round "?"]
[White "Fritsche, Frank"]
[Black "Grotnes, Nils Ragnar"]
[Result "1-0"]
[WhiteElo "2275"]
[BlackElo "2202"]
[PlyCount "39"]
[EventDate "2009.07.01"]
[EventType "tourn (corr)"]
[EventRounds "6"]
[EventCountry "GER"]
[SourceTitle "Telechess CBM 155"]
[Source "ChessBase"]
[SourceDate "2013.07.16"]
[SourceVersion "1"]
[SourceVersionDate "2013.07.16"]
[SourceQuality "1"]

1. e4 e5 2. Nf3 Nc6 3. d4 exd4 4. Nxd4 Nf6 5. Nc3 Bb4 6. Nxc6 bxc6 7. Bd3 d5 8. exd5 cxd5 9. 0-0 0-0 10. h3 Be6 11. Qf3 Rb8 12. a3 Be7 13. b4 c5 14. Bf4 Rb7 15. bxc5 Bxc5 16. Rfe1 Bd4 17. Bd2 Qd7 18. Rad1 Bc5 19. Bg5 Be7 20. Ne2 1-0

[Event "LSS CP-2005-F-00002"]
[Site "LSS email"]
[Date "2009.07.01"]
[Round "?"]
[White "Grotnes, Nils Ragnar"]
[Black "Sadowski, Marek"]
[Result "0-1"]
[WhiteElo "2202"]
[BlackElo "2163"]
[PlyCount "46"]
[EventDate "2009.07.01"]
[EventType "tourn (corr)"]
[EventRounds "12"]
[EventCountry "GER"]
[SourceTitle "Telechess CBM 137"]
[Source "ChessBase"]
[SourceDate "2010.07.15"]
[SourceVersion "1"]
[SourceVersionDate "2010.07.15"]
[SourceQuality "1"]

1. d4 Nf6 2. c4 e6 3. Nc3 Bb4 4. Bg5 c5 5. d5 h6 6. Bh4 d6 7. Qc2 exd5 8. cxd5 Nbd7 9. Nf3 0-0 10. 0-0-0 Qa5 11. e4 Bxc3 12. bxc3 b5 13. Nd2 Re8 14. f3 c4 15. g4 Rb8 16. Nb1 Ne5 17. Bxf6 gxf6 18. a3 Qb6 19. Be2 a5 20. Qd2 b4 21. axb4 axb4 22. Qd4 Qb5 23. Rd2 Qa4 0-1

[Event "LSS CP-2005-F-00002"]
[Site "LSS email"]
[Date "2009.07.01"]
[Round "?"]
[White "Wosch, Arkadiusz Janusz"]
[Black "Grotnes, Nils Ragnar"]
[Result "1-0"]
[WhiteElo "2288"]
[BlackElo "2202"]
[PlyCount "41"]
[EventDate "2009.07.01"]
[EventType "tourn (corr)"]
[EventRounds "12"]
[EventCountry "GER"]
[SourceTitle "Telechess CBM 137"]
[Source "ChessBase"]
[SourceDate "2010.07.15"]
[SourceVersion "1"]
[SourceVersionDate "2010.07.15"]
[SourceQuality "1"]

1. e4 e5 2. Nf3 Nc6 3. Bc4 Bc5 4. c3 Nf6 5. d3 a6 6. Bb3 0-0 7. 0-0 Ba7 8. Nbd2 d6 9. h3 Be6 10. Re1 Bxb3 11. Qxb3 Qd7 12. Nf1 h6 13. Be3 Bxe3 14. Nxe3 Rfe8 15. a4 Na5 16. Qc2 Nc6 17. b4 Re6 18. b5 Ne7 19. c4 Nh5 20. g3 b6 21. d4 1-0

[Event "Oslo Sveins op 2nd"]
[Site "Oslo"]
[Date "2009.06.20"]
[Round "2"]
[White "Grotnes, Nils Ragnar"]
[Black "Nithander, Victor"]
[Result "0-1"]
[WhiteElo "2232"]
[BlackElo "2422"]
[PlyCount "94"]
[EventDate "2009.06.19"]
[EventType "swiss"]
[EventRounds "9"]
[EventCountry "NOR"]
[SourceTitle "CBM 130 Extra"]
[Source "ChessBase"]
[SourceDate "2009.07.02"]
[SourceVersion "2"]
[SourceVersionDate "2009.07.15"]
[SourceQuality "1"]

1. d4 Nf6 2. c4 g6 3. Nc3 Bg7 4. e4 d6 5. Be2 0-0 6. Bg5 Na6 7. Qd2 Qe8 8. f3 e5 9. d5 Nh5 10. Be3 f5 11. Nb5 b6 12. 0-0-0 Nf6 13. Bd3 Bd7 14. Nc3 Nc5 15. Nge2 a5 16. h3 f4 17. Bf2 Qe7 18. b3 c6 19. Bc2 Rfd8 20. a3 cxd5 21. cxd5 Rdc8 22. Kb2 b5 23. b4 axb4 24. axb4 Na4+ 25. Nxa4 bxa4 26. Ka3 Bb5 27. Bd3 Qb7 28. Rc1 Ne8 29. Rxc8 Rxc8 30. Rc1 Nc7 31. Nc3 Bxd3 32. Qxd3 Nb5+ 33. Ka2 Nd4 34. Rb1 Nb3 35. Ka3 Rb8 36. Qb5 Qxb5 37. Nxb5 Nd2 38. Rd1 Nc4+ 39. Kxa4 Nb2+ 40. Ka5 Nxd1 41. Ba7 Rd8 42. Kb6 Bf6 43. Kc7 Be7 44. Bb6 Ne3 45. Na7 Kf7 46. Nc8 Nc4 47. b5 Rxc8+ 0-1

[Event "Oslo Sveins op 2nd"]
[Site "Oslo"]
[Date "2009.06.19"]
[Round "1"]
[White "Hansen, Erle Andrea Marki"]
[Black "Grotnes, Nils Ragnar"]
[Result "0-1"]
[WhiteElo "1686"]
[BlackElo "2232"]
[PlyCount "78"]
[EventDate "2009.06.19"]
[EventType "swiss"]
[EventRounds "9"]
[EventCountry "NOR"]
[SourceTitle "CBM 130 Extra"]
[Source "ChessBase"]
[SourceDate "2009.07.02"]
[SourceVersion "2"]
[SourceVersionDate "2009.07.15"]
[SourceQuality "1"]

1. e4 c6 2. d4 d5 3. Nc3 dxe4 4. Nxe4 h6 5. Bf4 Bf5 6. Ng3 Bh7 7. Nf3 e6 8. Bd3 Bxd3 9. Qxd3 Nf6 10. 0-0-0 Bd6 11. Be5 Qc7 12. Bxf6 gxf6 13. Nh5 Nd7 14. Ng7+ Kf8 15. Nh5 Qa5 16. Ng3 Qxa2 17. Ne2 Nb6 18. Nc3 Bf4+ 19. Nd2 Qc4 20. Qxc4 Nxc4 21. Ncb1 Nxd2 22. Nxd2 f5 23. g3 Bc7 24. f4 h5 25. Nf3 h4 26. Ne5 Ke7 27. Rhe1 Rad8 28. Re3 hxg3 29. hxg3 Bxe5 30. dxe5 Rxd1+ 31. Kxd1 Kd7 32. Re2 Rh1+ 33. Kd2 Rg1 34. Re3 Rg2+ 35. Kd3 c5 36. b3 Kc6 37. c3 b5 38. b4 c4+ 39. Kd4 Rd2+ 0-1

[Event "Asker CC-ch Mester"]
[Site "Asker"]
[Date "2009.03.23"]
[Round "6"]
[White "Rostad, Rolf"]
[Black "Grotnes, Nils Ragnar"]
[Result "1-0"]
[WhiteElo "1783"]
[BlackElo "2175"]
[PlyCount "77"]
[EventDate "2009.01.19"]
[EventType "tourn"]
[EventRounds "9"]
[EventCountry "NOR"]
[SourceTitle "EXT 2012"]
[Source "ChessBase"]
[SourceDate "2011.11.24"]
[SourceVersion "1"]
[SourceVersionDate "2011.11.24"]
[SourceQuality "1"]

1. e4 c6 2. d4 d5 3. exd5 cxd5 4. c4 e6 5. c5 b6 6. b4 a5 7. Bb5+ Bd7 8. Bxd7+ Nxd7 9. c6 Bxb4+ 10. Bd2 Bxd2+ 11. Nxd2 Nb8 12. Qa4 Qc7 13. Rc1 Ne7 14. Ngf3 0-0 15. 0-0 Nbxc6 16. Ne5 Rfc8 17. Ndf3 Qd6 18. Rb1 f6 19. Ng4 Nb4 20. Ne3 Rc6 21. g3 b5 22. Qxb5 Nxa2 23. Ra1 Nc3 24. Qd3 a4 25. Nc2 a3 26. Nd2 a2 27. Nb3 Ne4 28. Nd2 Nc3 29. Nb3 Qb8 30. Nc5 Qb2 31. Qd2 Ne4 32. Qb4 Qxc2 33. Nxe4 Qxe4 34. Qxe7 Qxd4 35. Rxa2 Rac8 36. Ra7 f5 37. Qf7+ Kh8 38. Re7 h6 39. Re8+ 1-0